|
|
|
|
| LEADER |
00000nam0a2200000 4500 |
| 001 |
261538 |
| 005 |
20231101233555.0 |
| 035 |
|
|
|a (RuTPU)RU\TPU\book\284519
|
| 090 |
|
|
|a 261538
|
| 100 |
|
|
|a 20140524d1987 k y0rusy50 ca
|
| 101 |
0 |
|
|a rus
|
| 102 |
|
|
|a RU
|
| 105 |
|
|
|a a z 001zy
|
| 200 |
1 |
|
|a Расчеты на прочность и жесткость элементов машиностроительных конструкций
|e межвузовский сборник научных трудов
|f Всесоюзный заочный машиностроительный институт (ВЗМИ)
|
| 210 |
|
|
|a Москва
|c Изд-во ВЗМИ
|d 1987
|
| 215 |
|
|
|a 124 с.
|c ил.
|
| 320 |
|
|
|a Библиография в конце статей
|
| 606 |
1 |
|
|a Машиностроительные конструкции
|x Расчет на прочность
|x Расчет на жесткость
|2 stltpush
|3 (RuTPU)RU\TPU\subj\41655
|9 61442
|
| 610 |
1 |
|
|a элементы
|
| 610 |
1 |
|
|a статические нагрузки
|
| 610 |
1 |
|
|a динамические нагрузки
|
| 610 |
1 |
|
|a напряженное состояние
|
| 610 |
1 |
|
|a оболочки
|
| 610 |
1 |
|
|a пластины
|
| 610 |
1 |
|
|a авиационные газотурбинные двигатели
|
| 610 |
1 |
|
|a повреждаемость
|
| 610 |
1 |
|
|a сравнительная оценка
|
| 610 |
1 |
|
|a конструкционная прочность
|
| 610 |
1 |
|
|a полимерные материалы
|
| 610 |
1 |
|
|a механическое поведение
|
| 610 |
1 |
|
|a цилиндрические панели
|
| 610 |
1 |
|
|a колебания
|
| 675 |
|
|
|a 621.01:539.4
|v 3
|
| 712 |
0 |
2 |
|a Всесоюзный заочный машиностроительный институт (ВЗМИ)
|c (1950-1988)
|2 stltpush
|3 (RuTPU)RU\TPU\col\2141
|
| 801 |
|
1 |
|a RU
|b 63413507
|c 20140524
|
| 801 |
|
2 |
|a RU
|b 63413507
|c 20150325
|g RCR
|
| 942 |
|
|
|c BK
|